LEADER 01870nam 2200589Ia 450 001 9910459086303321 005 20210505193236.0 010 $a1-4237-8488-X 010 $a1-280-53229-7 010 $a0-19-803387-7 035 $a(CKB)2670000000057481 035 $a(SSID)ssj0000208139 035 $a(PQKBManifestationID)11199024 035 $a(PQKBTitleCode)TC0000208139 035 $a(PQKBWorkID)10239062 035 $a(PQKB)10683867 035 $a(MiAaPQ)EBC281152 035 $a(Au-PeEL)EBL281152 035 $a(CaPaEBR)ebr10269221 035 $a(CaONFJC)MIL53229 035 $a(OCoLC)689995540 035 $a(EXLCZ)992670000000057481 100 $a20011029d2002 uy 0 101 0 $aeng 135 $aurcn||||||||| 181 $ctxt 182 $cc 183 $acr 200 10$aNarrative of the life of Henry Box Brown$b[electronic resource] /$fwritten by himself ; introduction by Richard Newman ; foreword by Henry Louis Gates, Jr 210 $aNew York $cOxford University Press$d2002 215 $axxxiii, 73 p. $cill 300 $aBibliographic Level Mode of Issuance: Monograph 311 $a0-19-514854-1 311 $a0-19-514853-3 606 $aFugitive slaves$zVirginia$vBiography 606 $aAfrican Americans$zVirginia$vBiography 606 $aSlavery$zVirginia$xHistory$y19th century 606 $aAfrican American abolitionists$vBiography 608 $aElectronic books. 615 0$aFugitive slaves 615 0$aAfrican Americans 615 0$aSlavery$xHistory 615 0$aAfrican American abolitionists 676 $a305.5/67/092 700 $aBrown$b Henry Box$f1815 or 1816-$0922432 801 0$bMiAaPQ 801 1$bMiAaPQ 801 2$bMiAaPQ 906 $aBOOK 912 $a9910459086303321 996 $aNarrative of the life of Henry Box Brown$92070000 997 $aUNINA LEADER 01245nam a22003615i 4500 001 991002255179707536 007 cr nn 008mamaa 008 121227s1997 de | s |||| 0|eng d 020 $a9783540696575 035 $ab14145340-39ule_inst 040 $aBibl. Dip.le Aggr. Matematica e Fisica - Sez. Matematica$beng 082 04$a516.36$223 084 $aAMS 34A26 084 $aAMS 70H 084 $aAMS 53C15 084 $aAMS 58F05 084 $aAMS 58F07 100 1 $aKrupková, Olga$061656 245 14$aThe geometry of ordinary variational equations$h[e-book] /$cby Olga Krupková 260 $aBerlin :$bSpringer,$c1997 300 $a1 online resource (cclxiv, 254 p.) 440 0$aLecture Notes in Mathematics,$x0075-8434 ;$v1678 650 0$aMathematics 650 0$aGlobal analysis 650 0$aGlobal differential geometry 650 0$aMechanics, applied 773 0 $aSpringer eBooks 856 40$uhttp://dx.doi.org/10.1007/BFb0093438$zAn electronic book accessible through the World Wide Web 907 $a.b14145340$b03-03-22$c05-09-13 912 $a991002255179707536 996 $aGeometry of ordinary variational equations$978087 997 $aUNISALENTO 998 $ale013$b05-09-13$cm$d@ $e-$feng$gde $h4$i0